| 000 | 00772nam a22002057a 4500 | ||
|---|---|---|---|
| 999 |
_c1462 _d1462 |
||
| 003 | AR-CdUCM | ||
| 008 | 190227b ||||| |||| 00| 0 spa d | ||
| 040 |
_aMUNICIPALIDAD PROVINCIAL DEL CUSCO _cBIBLIOTECA MUNICIPAL DEL CUSCO |
||
| 082 |
_a325.985 / _bM83 |
||
| 100 |
_aMoya Obeso, Alberto _95550 |
||
| 245 | _aProducción, migración y desarrollo urbano en el norte del Perú / | ||
| 260 |
_aTrujillo : _bLibertad , _c1987. |
||
| 300 |
_a118 páginas ; _c15 cm. |
||
| 505 | _aEl enganche en Trujillo -- Producción, migración y desarrollo -- Urbanización en la Libertad y Trujillo... | ||
| 650 |
_aNorte del Perú. _95551 |
||
| 650 |
_aDesarrollo de trujillo. _95552 |
||
| 650 |
_aDesarrollo de la Libertad. _95553 |
||
| 942 |
_2ddc _cLIBROS |
||
| 945 |
_awfj _d2019-02-27 |
||